| 000 | 00889cam a2200253 4500 | ||
|---|---|---|---|
| 008 | 090401t1993 xxu||||| |||| 00| 0 eng d | ||
| 020 | _a0412467909 | ||
| 035 | _a(Sirsi) u52431 | ||
| 041 | _aeng | ||
| 050 | _a658.562 | ||
| 100 | _aFox, Michael J. | ||
| 245 | _aQuality assurance management. | ||
| 260 |
_aLondon _bChapman & Hall _c1993 |
||
| 300 | _axii,377p. ; 25cm. | ||
| 350 | _a32 | ||
| 520 | _aIntended as an introduction to quality management, the book covers the meaning of quality management, specialist techniques, using the workforce more effectively and the monetary dimension of quality and competitiveness in world markets. | ||
| 650 | _aIS0 9000 | ||
| 650 | _aQUALITY ASSURANCE | ||
| 650 | _aQUALITY MANAGEMENT | ||
| 650 | _aTOTAL QUALITY MANAGEMENT | ||
| 690 | _aMANAGEMENT-BUSINESS MANAGEMENT-PROFESSIONAL PRACTICE | ||
| 942 | _n0 | ||
| 948 | _c04/03/1997 | ||
| 999 |
_c93066 _d93066 |
||